[Event "II Duchamp Open 2018"]
[Site "Rio de Janeiro"]
[Date "2018.11.18"]
[Round "6"]
[White "Teixeira, Ricardo Da Silva"]
[Black "Pimentel, Rafael Favarin G."]
[Result "1-0"]
[WhiteElo "2239"]
[BlackElo "1886"]
[Annotator "NA RC"]
[PlyCount "81"]
[EventDate "2018.11.14"]
[EventType "swiss"]
[EventCountry "BRA"]
[SourceTitle "playchess.com"]
[Source "ChessBase"]
[SourceQuality "1"]
[TimeControl "5400+30"]

1. e4 {[%emt 0:35:24]} c5 {[%emt 0:00:45]} 2. Nf3 {[%emt 0:00:09]} Nc6 {[%emt 0:00:06]} 3. d4 {[%emt 0:00:19]} cxd4 {[%emt 0:00:07]} 4. Nxd4 {[%emt 0:00:11]} Nf6 {[%emt 0:00:09]} 5. Nc3 {[%emt 0:00:09]} d6 {[%emt 0:00:09]} 6. g3 {[%emt 0:03:30]} a6 {[%emt 0:08:57]} 7. Bg2 {[%emt 0:00:12]} Bd7 {[%emt 0:01:13]} 8. O-O {[%emt 0:00:49]} e6 {[%emt 0:00:06]} 9. Nxc6 {[%emt 0:01:38]} Bxc6 {[%emt 0:00:47]} 10. Re1 {[%emt 0:00:50]} Be7 {[%emt 0:00:21]} 11. a4 {[%emt 0:00:19]} O-O {[%emt 0:01:52]} 12. a5 {[%emt 0:00:40]} Qc7 {[%emt 0:06:28]} 13. Be3 {[%emt 0:01:55]} Nd7 {[%emt 0:00:23]} 14. Na4 {[%emt 0:02:08]} Bxa4 {[%emt 0:04:17]} 15. Rxa4 {[%emt 0:00:19]} b5 {[%emt 0:00:08] B80: Sicilian Scheveningen: 6 g3 and 6 Be3, including English Attack} 16. axb6 {[%emt 0:01:56]} Nxb6 {[%emt 0:00:34]} 17. Ra2 {[%emt 0:00:08] [#]} Rfd8 $146 {[%emt 0:03:51]} ({Predecessor:} 17... a5 18. Bd4 a4 19. Re3 Rfc8 20. Rc3 Qd8 21. Qd3 Nd7 22. Rc4 Ne5 23. Bxe5 Rxc4 24. Qxc4 dxe5 25. Rxa4 Rxa4 26. Qxa4 {½-½ (59) Kavalek,L (2600)-Tal,M (2705) Bugojno 1980}) 18. b3 {[%emt 0:04:35]} Bf6 {[%emt 0:04:11]} 19. Bd4 {[%emt 0:08:50]} Bxd4 {[%emt 0:06:14]} 20. Qxd4 {[%emt 0:00:02]} d5 {[%emt 0:07:25]} 21. Qa1 {[%emt 0:17:34]} dxe4 {[%emt 0:20:26]} 22. Bxe4 {[%emt 0:01:06]} Nd5 {[%emt 0:00:44]} 23. Rxa6 {[%emt 0:00:56]} Rxa6 {[%emt 0:02:49]} 24. Qxa6 {[%emt 0:00:17]} Nb4 {[%emt 0:01:05]} 25. Qe2 {[%emt 0:02:34]} f5 {[%emt 0:05:22]} ({Black should play} 25... Qc3) 26. Bd3 {[%emt 0:02:30]} Nxd3 {[%emt 0:02:18]} 27. Qxe6+ {[%emt 0:00:17]} ({Don't play} 27. cxd3 $6 Rd6 $14) 27... Qf7 {[%emt 0:00:03] [#]} 28. Qxf7+ {[%emt 0:00:24]} ({Don't do} 28. cxd3 $6 Qxe6 29. Rxe6 Rxd3 $16) ({White should play} 28. Qb6 $1 $18 {[%cal Rb6d8]} Nxe1 29. Qxd8+ Qf8 30. Qd1) 28... Kxf7 {[%emt 0:00:01]} 29. Rd1 {[%emt 0:00:14] Pin} Rc8 {[%emt 0:00:05]} 30. cxd3 {[%emt 0:00:19]} Rc3 {[%emt 0:00:08] [#]} 31. Rb1 $1 {[%emt 0:00:47]} Rxd3 {[%emt 0:05:01]} 32. b4 {[%emt 0:00:29]} Rd7 {[%emt 0:00:47]} 33. h4 {[%emt 0:00:44]} Kf6 {[%emt 0:01:01]} 34. Kf1 {[%emt 0:01:50]} h6 {[%emt 0:01:12]} 35. Ke2 {[%emt 0:02:25]} Ke5 {[%emt 0:02:11]} 36. f4+ {[%emt 0:01:56]} Ke6 {[%emt 0:01:24]} 37. Ke3 {[%emt 0:00:24]} Rd5 {[%emt 0:03:21]} (37... Re7 $16 {was worth a try.} 38. Kd3 Kd6) 38. Rb3 {[%emt 0:00:57]} Rd1 {[%emt 0:04:38]} 39. b5 {[%emt 0:00:50]} Rg1 {[%emt 0:03:50]} 40. Kd4 {[%emt 0:01:50]} Kd6 {[%emt 0:00:18]} 41. b6 $18 {[%emt 0:01:46] Kd5+ Ke4+} 1-0

[Event "II Duchamp Open 2018"]
[Site "Rio de Janeiro"]
[Date "2018.11.18"]
[Round "6"]
[White "Viana, Dirceu"]
[Black "Torres, Eduardo Lisboa"]
[Result "0-1"]
[WhiteElo "2201"]
[BlackElo "1864"]
[Annotator "TA"]
[PlyCount "78"]
[EventDate "2018.11.14"]
[EventType "swiss"]
[EventCountry "BRA"]
[SourceTitle "playchess.com"]
[Source "ChessBase"]
[SourceQuality "1"]

{[%evp 9,78,30,55,28,53,30,53,18,29,10,54,43,45,43,43,42,51,50,54,54,50,41,47,47,43,37,54,25,55,30,44,44,53,47,80,82,89,81,74,66,137,141,131,41,150,135,119,100,99,95,95,89,81,51,51,51,228,229,214,211,346,346,559,400,399,386,505,470,533,-774,-774]} 1. c4 Nf6 2. Nc3 e5 3. Nf3 Nc6 4. a3 a5 5. e3 h6 (5... d5 6. cxd5 Nxd5 7. Qc2 Nxc3 {½-½ (7) Bogosavljevic,B (2532)-Nestorovic,N (2506) Montenegro 2017}) 6. Qc2 $146 {A28: English Opening: Four Knights Variation} ({Predecessor:} 6. d4 exd4 7. exd4 d5 8. cxd5 Nxd5 9. Nxd5 Qxd5 10. Be3 Bd6 11. Be2 O-O 12. O-O Bd7 {0-1 (29) Bogatto,M (1528)-Bisignano,G (1928) Arvier 2007}) 6... Bc5 7. Be2 (7. Nxe5 $5 Nxe5 8. d4 $14 {[%mdl 64] Double Attack}) 7... O-O 8. O-O {White is slightly better.} (8. Nxe5 $5 Nxe5 9. d4 $14 {[%mdl 64] Double Attack}) 8... Re8 9. d3 b6 10. Rd1 Bb7 11. d4 exd4 12. exd4 Bf8 13. d5 Ne5 14. Nxe5 Rxe5 15. Bf4 Re8 16. Nb5 d6 17. Bd3 Nd7 18. b4 Be7 19. Re1 axb4 20. axb4 Rxa1 21. Rxa1 Bf6 22. Ra7 Re1+ 23. Bf1 Qb8 24. Bd2 Ra1 (24... Re7 $14) 25. Rxa1 $16 Bxa1 26. Be3 ({Better is} 26. Qa4 $16 Be5 27. Nxd6 $1 {[%mdl 512]} Bxd6 28. Qxd7) 26... c6 (26... Bf6 $14) 27. dxc6 Bxc6 28. Nd4 Bxd4 29. Bxd4 d5 30. b5 Bb7 31. Qf5 Qd6 $1 32. Qg4 $40 {[%csl Gd4][%cal Rg4g7][%mdl 128] White mounts an attack.} Ne5 $2 {[#]} (32... f6 $14) 33. Bxe5 $1 $18 {[%mdl 64] Overworked Piece} Qxe5 34. Qd7 {Black must now prevent c5.} dxc4 (34... Qb8 $142 35. cxd5 Qc8) 35. Qxb7 c3 $2 (35... Qxb5 {was worth a try.} 36. Qe4 Qb3 37. Bxc4 Qd1+ 38. Bf1 Qd6 39. Qe8+ Qf8) 36. Qc8+ Kh7 37. Qc4 f5 38. g3 Qe1 39. Kg2 $4 {[%mdl 8192]} (39. Qc8 $18) 39... Qe4+ {Accuracy: White = 44%, Black = 30%.} 0-1

[Event "II Duchamp Open 2018"]
[Site "Rio de Janeiro"]
[Date "2018.11.18"]
[Round "6"]
[White "Souza, Wellington"]
[Black "Fucs, Paulo Moses"]
[Result "1-0"]
[WhiteElo "2120"]
[BlackElo "2016"]
[Annotator "TA"]
[PlyCount "83"]
[EventDate "2018.11.14"]
[EventType "swiss"]
[EventCountry "BRA"]
[SourceTitle "playchess.com"]
[Source "ChessBase"]
[SourceQuality "1"]

{[%evp 13,83,30,34,27,29,24,82,51,101,89,91,102,115,89,77,0,0,0,154,166,214,181,177,177,187,181,191,81,145,127,120,120,153,133,154,155,261,258,259,256,250,244,272,268,347,330,777,747,29988,708,634,633,29979,29980,29980,5002,29981,29982,29982,29983,29991,29977,29977,29978,29978,29979,29978,29979,29978,29978,29978,29966]} 1. d4 Nf6 2. c4 e6 3. Nf3 b6 4. g3 Bb7 5. Bg2 d5 6. O-O Nbd7 7. cxd5 exd5 8. Nc3 {E16: Queen's Indian: 4 g3 Bb7 5 Bg2 Bb4+} Be7 9. Bf4 (9. Ne5 c6 10. Qa4 b5 11. Qc2 Nxe5 12. dxe5 Ng4 13. Qf5 Bc8 14. Qf4 g5 15. Qd4 Qb6 {1-0 (36) Berkes,F (2678)-Morris,J (2494) Batumi 2018}) 9... a6 (9... O-O $11 {keeps the balance.}) 10. Rc1 {White is better.} Rc8 11. Ne5 O-O 12. Bh3 c5 13. e3 c4 14. Nxd7 $146 ({White should try} 14. Bh6 $16) ({Predecessor:} 14. Bg5 Bc6 15. Bxf6 Bxf6 16. Nxd7 Bxd7 17. Bxd7 Qxd7 {½-½ (17) Ceron,E (1987)-Herrera,J (2006) Cali 2008}) 14... Nxd7 $11 15. Qf3 Bc6 $2 (15... Kh8 $11) 16. Nxd5 $16 b5 17. Nxe7+ Qxe7 18. d5 Ba8 19. e4 Rcd8 20. Bxd7 (20. Rfe1 $18) 20... Qxd7 (20... Rxd7 $142 21. Qe3 Re8) 21. Qc3 f5 22. f3 Rfe8 23. Qd4 $36 {[%mdl 2048] White is in control.} h6 24. b3 g5 (24... Qe7 $16) 25. Bd2 $18 (25. bxc4 gxf4 26. cxb5 axb5 $15) 25... Qg7 26. Qb6 Rb8 27. Qxa6 Qd4+ {[#]} 28. Rf2 $1 fxe4 29. fxe4 ({Weaker is} 29. Qxh6 e3 $16) 29... Qxe4 $2 (29... Qb6 30. Qxb6 Rxb6 31. bxc4 bxc4 32. Rxc4 Bb7) 30. Re1 Qh7 31. Rf6 (31. Re6 $142 Qg7 32. Rg6 Re7 33. Bc3 {[%mdl 64] Pin} Bxd5 34. Bxg7 Rxg7 35. Qf6 Rxg6 36. Qxg6+ {[%mdl 64] Double Attack} Kh8 37. Rf6) 31... Rxe1+ 32. Bxe1 {White wants to mate with Qe6+.} Bxd5 33. Rg6+ Kf7 34. Qf6+ ({Not} 34. Rxh6 Qf5 $14) 34... Ke8 35. Bb4 {White mates.} Qa7+ 36. Kf1 Bf7 37. Rg8+ {[%mdl 64] [#] Decoy} Bxg8 38. Qf8+ {[%mdl 64] Double Attack} Kd7 39. Qe7+ Kc6 40. Qxa7 Rb7 41. Qc5+ Kd7 42. Qd6+ {Accuracy: White = 58%, Black = 28%.} 1-0

[Event "II Duchamp Open 2018"]
[Site "Rio de Janeiro"]
[Date "2018.11.18"]
[Round "6"]
[White "Santos Filho, Tadeu Sousa"]
[Black "Larrea, Manuel"]
[Result "1-0"]
[WhiteElo "2078"]
[BlackElo "2271"]
[Annotator "TA"]
[PlyCount "65"]
[EventDate "2018.11.14"]
[EventType "swiss"]
[EventCountry "BRA"]
[SourceTitle "playchess.com"]
[Source "ChessBase"]
[SourceQuality "1"]

{[%evp 9,65,19,26,25,7,25,26,28,42,9,10,-7,-14,-7,9,-42,-34,-46,0,-11,0,-60,-16,-1,0,0,0,0,0,0,0,0,0,-2,0,0,0,0,0,0,0,0,0,0,212,0,143,146,156,146,157,121,219,211,328,322,861,822]} 1. e4 c5 2. c3 d5 3. exd5 Qxd5 4. d4 Nc6 5. Nf3 Bf5 (5... Nf6 6. Be2 cxd4 7. cxd4 e6 8. O-O Be7 9. Nc3 Qd6 10. Nb5 Qd8 11. Bf4 Nd5 12. Bg3 O-O 13. Bc4 a6 14. Nc3 Nxc3 15. bxc3 b5 16. Bd3 Bb7 17. a4 b4 18. Rb1 Bf6 19. Be4 a5 20. cxb4 axb4 21. Bxc6 {½-½ (21) Zvjaginsev,V (2660)-Moiseenko,A (2692) Berlin 2015}) 6. dxc5 {B22: Sicilian: 2 c3} Qxd1+ 7. Kxd1 O-O-O+ 8. Ke1 {White has an edge.} e5 9. Be3 Nf6 10. Bc4 Nd5 11. b4 f6 12. Bd2 $146 ({Better is} 12. Ke2 $11) ({Predecessor:} 12. Ke2 Nce7 13. Rc1 {1-0 (47) Eggink,R (2333)-Janik,I (2413) Krakow 2017}) 12... g5 $15 {[%mdl 1024] Black has compensation.} 13. Ke2 Bg4 {[%cal Bf5g4,Bg4h5,Bh5g6][%mdl 32] ...e4 is the strong threat.} 14. h3 Bh5 15. g4 (15. Bd3 $11) 15... Bg6 (15... Bf7 $5 {[%cal Rd5f4]} 16. Na3 a5 $15) 16. h4 $132 {[%mdl 2048] White has counterplay} e4 17. Nd4 Ndxb4 18. Be6+ Kb8 19. Nxc6+ Nxc6 20. hxg5 Bxc5 {Strongly threatening ...e3!} 21. gxf6 e3 22. Bxe3 Bd3+ 23. Kf3 $1 Bxe3 24. fxe3 Rhe8 25. Bf5 Bxf5 26. gxf5 Rd3 $2 {[#]} (26... Ne5+ $1 $11 {and Black has nothing to worry.} 27. Kf4 Nd3+ 28. Kf3 Ne5+ 29. Kf4 Nd3+ 30. Kf3 Ne5+) 27. Re1 $2 ({Not} 27. Rxh7 Rdxe3+ 28. Kg2 Re2+ 29. Kg1 Re1+ 30. Kf2 R8e2+ 31. Kg3 Rg1+ 32. Kf3 Rgg2 $15) (27. Kf4 $1 $18) 27... Rf8 (27... Ne5+ $11 28. Kf4 Rd6) 28. Ke4 $16 Rdd8 29. Na3 Rxf6 30. Nb5 Re8+ (30... Ne7 $16 {was worth a try.}) 31. Kf4 $18 Re5 (31... Ne7 $142 32. e4 Ng6+ 33. Kg3 (33. Kg5 Rb6 $16) 33... Ne5) 32. Nd4 {[%mdl 64] [#] Overworked Piece} Nxd4 $2 (32... Ra5 33. e4 Ne7) 33. Kxe5 {[%mdl 64] Double Attack. Accuracy: White = 63%, Black = 48%.} 1-0

[Event "II Duchamp Open 2018"]
[Site "Rio de Janeiro"]
[Date "2018.11.18"]
[Round "6"]
[White "Campos, Alexandre Ferreira"]
[Black "Lebredo Zaragoitia, Gerardo"]
[Result "1/2-1/2"]
[WhiteElo "2076"]
[BlackElo "2139"]
[Annotator "TA"]
[PlyCount "148"]
[EventDate "2018.11.14"]
[EventType "swiss"]
[EventCountry "BRA"]
[SourceTitle "playchess.com"]
[Source "ChessBase"]
[SourceQuality "1"]

{[%evp 12,148,-21,-45,0,-15,35,33,66,62,89,52,91,79,168,171,188,37,133,102,177,181,227,186,246,170,156,165,156,160,156,149,144,148,155,129,145,80,368,140,151,153,148,110,110,110,125,72,72,72,72,72,72,72,201,179,239,72,72,72,72,72,72,72,72,72,72,72,72,72,72,72,734,72,156,70,163,163,618,618,618,617,595,595,589,577,544,521,503,477,401,329,242,91,148,137,149,49,57,7,22,0,0,0,0,0,0,0,0,0,0,0,0,0,0,0,0,0,0,0,0,0,0,0,0,0,0,0,0,0,0,0,0,0,0,0,0,0,0]} 1. g3 c5 2. f4 Nc6 3. e4 e6 4. Nc3 d5 5. d3 Nf6 6. Bg2 Be7 7. Nh3 {LiveBook: 4 Games} b6 {B24: Closed Sicilian: 3 g3 sidelines} (7... d4 8. Nb1 e5 9. O-O h5 10. f5 Ng4 11. Na3 Rg8 12. Bf3 Nf6 13. Bg5 h4 {½-½ (13) Starostits,I (2460)-Savchenko,S (2521) Niort 2004}) 8. O-O Bb7 9. f5 $146 ({Predecessor:} 9. Nf2 O-O 10. g4 d4 11. Ne2 Qc7 12. Ng3 Rac8 13. g5 Nd7 14. f5 exf5 15. exf5 {0-1 (29) Burakovsky,M (2042)-Novak,D Eger 2005}) 9... d4 {White is slightly better.} 10. fxe6 $1 {Hoping for Ng5.} dxc3 11. exf7+ Kf8 12. bxc3 Bc8 (12... Qd7 $16 {is a better defense.}) 13. Nf4 $1 $18 {[%mdl 1024] Black must now prevent e5! White has strong compensation.} Rb8 (13... Kxf7 $2 14. e5 $1 $18 {[%mdl 512]}) (13... Bg4 $2 14. Qxg4 $1 {[%mdl 512]} Nd4 15. Qh3 $18) 14. Be3 $2 (14. Bb2 $1 $18) 14... Ne5 ({Much worse is} 14... Kxf7 $6 15. d4 $18) (14... Bg4 $2 15. Qxg4 $1 {[%mdl 512]} Qd6 16. Ne6+ Kxf7 17. Qxg7+ Ke8 18. Rxf6 $18) (14... Ng4 $14 15. Bc1 Nge5) 15. d4 $1 $16 {[%cal Rd4e5]} Nc4 (15... Nfg4 $16 {was worth a try.} 16. Bc1 (16. dxe5 $2 Qxd1 17. Rfxd1 Nxe3 $17) 16... Nxf7) 16. Bc1 $18 cxd4 ({Wrong is} 16... Kxf7 $2 17. Qd3 $18) 17. cxd4 {Qd3 is the strong threat.} Kxf7 (17... g5 {might work better.} 18. c3 b5) 18. e5 Nxe5 19. dxe5 Bc5+ 20. Kh1 Qxd1 21. Rxd1 Ng4 22. Bd5+ Ke7 23. Nd3 h6 24. Re1 (24. c4 $142) 24... Ba6 $2 {[%mdl 8192]} (24... Rd8 $16 25. Nxc5 bxc5) 25. c4 $2 (25. Nxc5 $18 {is the precise move to win.} bxc5 26. Kg1) 25... Nf2+ $16 26. Nxf2 Bxf2 27. Rf1 Rhf8 28. Bb2 {And now e6 would win.} Rbc8 29. Ba3+ (29. Rac1 $142) 29... Bc5 30. Rxf8 $1 {[%mdl 64] Overworked Piece} Rxf8 31. Bxc5+ bxc5 {[%mdl 4096] Endgame KRB-KRB} 32. Kg2 Bc8 (32... Rf5 $16) 33. Rb1 $18 Ba6 (33... Kd7 $142 34. Rb8 Re8) 34. Rf1 $2 (34. Rb3 $18 {and White stays clearly on top.}) 34... Rxf1 $16 35. Kxf1 {KB-KB} Bc8 36. Ke2 Bd7 37. Ke3 Be8 38. h4 Bd7 39. Kf4 Bc8 40. g4 {[%cal Bg3g4,Bg4g5][%mdl 32]} Bd7 41. g5 Bc8 $2 {[%mdl 8192] [#]} (41... Bh3 $16) 42. Bg8 $2 (42. e6 $1 $18 Ke8 43. Kf5) 42... Bd7 {[#]} (42... Bh3 $142) 43. Ke4 ({Better is} 43. e6 $1 $16 {[%cal Re6d7]} Bc6 44. gxh6 gxh6 45. Ke5) 43... Bc6+ ({Black should play} 43... hxg5 $14 44. hxg5 Kf8) 44. Kf5 $18 {Threatens to win with gxh6.} Be8 $2 (44... hxg5 45. Kxg5 Be4) 45. gxh6 gxh6 46. e6 Bh5 {With the idea ...Be2.} 47. Ke5 Bf3 48. Bh7 Bg2 49. Bc2 Bh3 50. Bf5 Bg2 51. Bg4 Bc6 52. a3 $2 (52. Bd1 $18) 52... a5 (52... Bh1 $142 53. h5 Bg2) 53. Bd1 Bg2 54. Ba4 (54. Bc2 $16) 54... Bf3 $14 55. Bd7 Bg2 {The position is equal.} 56. Kf5 {aiming for Kg6.} Bf1 57. Bb5 {Threatening Ke5.} Bh3+ 58. Kg6 Bxe6 59. Kxh6 {Strongly threatening Kg5.} Kf6 60. Kh5 Kf5 61. Ba6 Kf6 62. Kh6 Bf7 63. Bb5 Be6 64. h5 Bf7 65. Ba6 Be6 66. Kh7 Kf7 67. h6 Bf5+ 68. Kh8 Kf8 69. Bb7 Bd3 70. Bd5 Bf5 71. Bg8 Bd3 72. Be6 Bg6 73. Bd5 Bf5 74. Bg8 Bd3 {Accuracy: White = 42%, Black = 47%.} 1/2-1/2

[Event "II Duchamp Open 2018"]
[Site "Rio de Janeiro"]
[Date "2018.11.18"]
[Round "6"]
[White "Dos Santos, Vitor Eduardo Mello"]
[Black "Rocha, Vitor Firmo De Souz"]
[Result "1-0"]
[WhiteElo "2054"]
[BlackElo "2174"]
[Annotator "ChessBase"]
[PlyCount "103"]
[EventDate "2018.11.14"]
[EventType "swiss"]
[EventCountry "BRA"]
[SourceTitle "playchess.com"]
[Source "ChessBase"]
[SourceQuality "1"]
[TimeControl "5400+30"]

1. e4 {[%emt 0:00:35]} c6 {[%emt 0:00:00]} 2. d4 {[%emt 0:00:07]} d5 {[%emt 0:00:00]} 3. e5 {[%emt 0:00:08]} Bf5 {[%emt 0:00:00]} 4. Nf3 {[%emt 0:00:07]} e6 {[%emt 0:00:00]} 5. Be2 {[%emt 0:00:55]} Nd7 {[%emt 0:00:04]} 6. O-O {[%emt 0:00:11]} Ne7 {[%emt 0:00:09]} 7. b3 {[%emt 0:00:48]} h6 {[%emt 0:01:10]} 8. c4 {[%emt 0:00:06]} Bh7 {[%emt 0:00:15]} 9. Nc3 {[%emt 0:02:31]} Ng6 {[%emt 0:01:24]} 10. a3 {[%emt 0:02:32]} Be7 {[%emt 0:00:18]} 11. Re1 {[%emt 0:01:19]} O-O {[%emt 0:00:24]} 12. Bd3 {[%emt 0:00:48]} Rc8 {[%emt 0:02:14]} 13. c5 {[%emt 0:15:14]} Re8 {[%emt 0:03:18]} 14. Qc2 {[%emt 0:25:01]} b5 {[%emt 0:01:58]} 15. b4 {[%emt 0:00:50]} a5 {[%emt 0:00:33]} 16. Kh1 {[%emt 0:05:02]} a4 {[%emt 0:02:57]} 17. Ng1 {[%emt 0:03:04]} Ngf8 {[%emt 0:04:06]} 18. f4 {[%emt 0:01:44]} f5 {[%emt 0:05:50]} 19. Nf3 {[%emt 0:15:14]} g5 {[%emt 0:02:14]} 20. fxg5 {[%emt 0:00:50]} hxg5 {[%emt 0:00:06]} 21. g4 {[%emt 0:04:15]} fxg4 {[%emt 0:02:40]} 22. Nd2 {[%emt 0:00:33]} Bxd3 {[%emt 0:02:07]} 23. Qxd3 {[%emt 0:00:01]} Kg7 {[%emt 0:00:18]} 24. Rg1 {[%emt 0:00:49]} Ng6 {[%emt 0:00:16]} 25. Rxg4 {[%emt 0:00:57]} Rf8 {[%emt 0:03:37]} 26. Qg3 {[%emt 0:03:22]} Rf5 {[%emt 0:01:28]} 27. Nf3 {[%emt 0:00:23]} Qf8 {[%emt 0:10:42]} 28. Bxg5 {[%emt 0:07:12]} Rxf3 {[%emt 0:18:51]} 29. Bxe7 {[%emt 0:00:11]} Qf5 {[%emt 0:02:10]} 30. Rxg6+ {[%emt 0:01:29]} Kh7 {[%emt 0:01:12]} 31. Rg5 {[%emt 0:05:32]} Rxg3 {[%emt 0:03:32]} 32. Rxf5 {[%emt 0:00:01]} Rxc3 {[%emt 0:00:31]} 33. Rf4 {[%emt 0:00:02]} Rh3 {[%emt 0:01:33]} 34. Kg2 {[%emt 0:03:20]} Rh5 {[%emt 0:01:07]} 35. h4 {[%emt 0:00:37]} Rf5 {[%emt 0:03:44]} 36. Raf1 {[%emt 0:00:05]} Rg8+ {[%emt 0:01:49]} 37. Kh3 {[%emt 0:00:02]} Rxf4 {[%emt 0:00:40]} 38. Rxf4 {[%emt 0:00:03]} Rg1 {[%emt 0:02:00]} 39. Bd6 {[%emt 0:01:02]} Rg7 {[%emt 0:01:54]} 40. h5 {[%emt 0:01:57]} Kh6 {[%emt 0:00:13]} 41. Rg4 {[%emt 0:00:58]} Rf7 {[%emt 0:07:12]} 42. Kh4 {[%emt 0:00:03]} Kh7 {[%emt 0:07:28]} 43. Rg6 {[%emt 0:00:04]} Rf1 {[%emt 0:05:44]} 44. Rxe6 {[%emt 0:00:33]} Rh1+ {[%emt 0:00:03]} 45. Kg5 {[%emt 0:00:33]} Rg1+ {[%emt 0:00:03]} 46. Kf4 {[%emt 0:00:28]} Rf1+ {[%emt 0:00:13]} 47. Ke3 {[%emt 0:00:41]} Ra1 {[%emt 0:00:30]} 48. Re7+ {[%emt 0:00:11]} Kh6 {[%emt 0:00:03]} 49. Rxd7 {[%emt 0:00:17]} Rxa3+ {[%emt 0:00:05]} 50. Kf4 {[%emt 0:00:45]} Rd3 {[%emt 0:00:10]} 51. e6 {[%emt 0:00:42]} a3 {[%emt 0:01:32]} 52. Be5 {[%emt 0:00:51]} 1-0

[Event "II Duchamp Open 2018"]
[Site "Rio de Janeiro"]
[Date "2018.11.18"]
[Round "6"]
[White "Manzi, Luiz Antonio Bardar"]
[Black "Barreto, Ignacio C. De Barro"]
[Result "0-1"]
[WhiteElo "2047"]
[BlackElo "2222"]
[Annotator "TA"]
[PlyCount "60"]
[EventDate "2018.11.14"]
[EventType "swiss"]
[EventCountry "BRA"]
[SourceTitle "playchess.com"]
[Source "ChessBase"]
[SourceQuality "1"]

{[%evp 9,60,-31,-5,-35,-27,-32,-25,-30,-19,-34,-21,-26,-13,-134,-139,-135,-134,-265,-170,-189,-147,-343,-350,-346,-334,-337,-322,-412,-386,-341,-208,-500,-504,-484,-470,-470,-479,-494,-480,-577,-559,-538,-515,-600,-596,-845,-335,-330,-330,-29975,-29975,-29968,-29964]} 1. Nf3 d6 2. b3 e5 3. e4 (3. Bb2 f5 4. c4 Nf6 5. e3 g6 6. Be2 Bg7 7. O-O O-O 8. Nc3 Nc6 9. d4 e4 10. Ne1 Ne7 {0-1 (21) So,W (2815)-Carlsen,M (2832) chess.com INT 2017}) 3... f5 4. d3 Nf6 5. Nbd2 c5 6. Bb2 {A04: Unusual lines after 1 Nf3 and King's Indian Attack} Nc6 7. g3 g6 8. Bg2 {Black has an edge.} Bh6 $146 ({Predecessor:} 8... Bg7 9. a3 O-O 10. O-O Kh8 11. c3 Be6 {0-1 (37) Md Shafiqul,I (1989)-Rahman,Z (2495) Dhaka 2015}) 9. O-O f4 10. c3 g5 11. h3 (11. Re1 $11) 11... g4 $17 12. hxg4 Bxg4 13. Qc2 (13. Nc4 $17) 13... Nh5 14. Nh2 Be2 15. Bf3 $2 (15. g4 $17 Bxf1 16. Bxf1) 15... Bxf3 $19 ({But not} 15... fxg3 16. Bxh5+ Bxh5 17. fxg3 $19) 16. Ndxf3 fxg3 17. fxg3 {next Ng4 is good for White.} Nxg3 18. Rfe1 Rg8 19. Kf2 {intending Rg1.} Qf6 20. Bc1 $2 (20. Rg1 Ke7 21. Rxg3 Be3+ 22. Kxe3 Rxg3 23. Rf1) 20... O-O-O {[#] ...Rdf8 is the strong threat.} 21. Rg1 Bf4 22. Bxf4 exf4 (22... Qxf4 $2 23. Qd2 $19) 23. Rae1 Kb8 24. Nf1 Nxf1 25. Rexf1 Ne5 26. Rxg8 Rxg8 27. Rg1 Rg3 $2 (27... Rxg1 28. Kxg1 Nxf3+ 29. Kf1 Qh4) 28. Nxe5 dxe5 ({Not} 28... Qxe5 29. Rxg3 fxg3+ 30. Kg2 $17) 29. Rh1 $2 {[#]} (29. Qe2 $19 Qh4 30. Rxg3 Qxg3+ 31. Kf1) 29... Qg6 30. Kf1 Qg4 {Accuracy: White = 27%, Black = 75%.} 0-1

[Event "II Duchamp Open 2018"]
[Site "Rio de Janeiro"]
[Date "2018.11.18"]
[Round "6"]
[White "Brito, Vicente De Paulo Al"]
[Black "Chaves, Jorge Antonio Torre"]
[Result "1/2-1/2"]
[WhiteElo "2044"]
[BlackElo "1922"]
[Annotator "NA RC"]
[PlyCount "61"]
[EventDate "2018.11.14"]
[EventType "swiss"]
[EventCountry "BRA"]
[SourceTitle "playchess.com"]
[Source "ChessBase"]
[SourceQuality "1"]
[TimeControl "5400+30"]

1. e4 c5 {[%emt 0:00:00]} 2. d4 {[%emt 0:00:31]} cxd4 {[%emt 0:00:00]} 3. c3 {[%emt 0:00:00]} dxc3 {[%emt 0:00:10]} 4. Nxc3 {[%emt 0:00:00]} d6 {[%emt 0:00:54]} 5. Nf3 {[%emt 0:00:00]} Nc6 {[%emt 0:00:32]} 6. Bc4 {[%emt 0:00:00]} e6 {[%emt 0:00:55]} 7. O-O {[%emt 0:00:00]} a6 {[%emt 0:01:17]} 8. Qe2 {[%emt 0:00:15]} Be7 {[%emt 0:00:46]} 9. Rd1 {[%emt 0:00:54]} Qc7 {[%emt 0:01:21]} 10. Bf4 {[%emt 0:02:32]} Ne5 {[%emt 0:02:55]} 11. Bb3 {[%emt 0:06:16] B21: Sicilian: 2 f4 and Morra Gambit} Nf6 {[%emt 0:01:05]} 12. Rac1 {[%emt 0:00:33]} Qb8 {[%emt 0:02:34]} 13. a4 {[%emt 0:22:07]} (13. Nd4 Bd7 14. Bg3 O-O 15. f4 Nc6 16. Kh1 Nxd4 17. Rxd4 Bc6 18. e5 dxe5 19. fxe5 {0-1 (57) Rowe,D (2147)-Nurmamedov,A (2349) Batumi 2018}) 13... b6 {[%emt 0:05:36]} 14. Nd4 {[%emt 0:17:13]} Bd7 {[%emt 0:00:14]} 15. h3 $146 {[%emt 0:03:16]} ({Predecessor:} 15. Bg3 O-O 16. f4 Nc6 17. Nf3 Nh5 18. e5 Nxg3 19. hxg3 {1-0 (31) Silva Nazzari,R-Rovira Mas,J Lugano 1968}) 15... O-O {[%emt 0:02:44]} 16. Be3 {[%emt 0:05:31]} Rd8 {[%emt 0:09:08]} 17. g4 {[%emt 0:07:56]} Qb7 {[%emt 0:05:13]} 18. f4 {[%emt 0:04:47]} Nc6 {[%emt 0:00:16]} 19. g5 {[%emt 0:00:46]} Nxd4 {[%emt 0:01:44]} 20. Bxd4 {[%emt 0:00:16]} Ne8 {[%emt 0:02:59]} 21. h4 {[%emt 0:05:31]} Bc6 {[%emt 0:03:09]} 22. h5 {[%emt 0:01:50]} Bf8 {[%emt 0:10:07] [#]} (22... b5 $11 {remains equal.}) 23. g6 $1 {[%emt 0:01:19]} h6 {[%emt 0:02:56]} 24. f5 fxg6 {[%emt 0:07:23]} 25. Bxe6+ {[%emt 0:02:45]} Kh8 {[%emt 0:00:14]} 26. Nd5 {[%emt 0:01:43]} ({Don't play} 26. fxg6 Nf6 $18) 26... g5 {[%emt 0:02:01]} 27. Rf1 {[%emt 0:04:22]} ({Don't take} 27. Nxb6 $6 Rab8 $16) 27... Bxd5 {[%emt 0:04:25]} 28. Bxd5 {[%emt 0:00:02]} ({Stronger than} 28. exd5 Be7 $11) 28... Qe7 {[%emt 0:01:15]} 29. Bxa8 {[%emt 0:03:45]} Rxa8 {[%emt 0:00:06]} 30. Bxb6 {[%emt 0:01:06]} Qe5 {[%emt 0:00:54]} 31. Qd3 $16 {[%emt 0:04:07]} 1/2-1/2